000 01055nam a2200265Ia 4500
003 OSt
005 20221005110652.0
006 a|||||r|||| 00| 0
007 ta
008 221004b |||||||| |||| 00| 0 hin d
020 _a9788126708451 (hbk)
_c1000
024 _a15782
037 _bBR6162, 24/12/2014, Rajkamal Prakashan Pvt. Ltd.
_cTextual
040 _aCRL
_cCRL
_bhin
041 _2hin
_ahin
082 _aNQ44wN22, 152P4
100 _aसैयद हैदर रज़ा
245 0 _aआत्मा का ताप
_b रज़ा की ज़िन्दगी और कला
246 _aĀtmā kā tāpa: raज़ā kī ज़indagī aur kalā
260 _aनई दिल्ली
_bराजकमल प्रकाशन भारत
_c2014
300 _a212पृ0
_ccm.
650 _aल्थ्ल्त् क्ल्ज्ञ
942 _hNQ44wN22, 152P4
_cTEXL
_2cc
999 _c1019537
_d1019537